000 00718nam a2200265Ia 4500
003 OSt
005 20220918212541.0
006 a|||||r|||| 00| 0
007 ta
008 220917b |||||||| |||| 00| 0 eng d
024 _a129,254
037 _cTextual
040 _aARTS
_cARTS
_beng
041 _2eng
_aeng
082 _aX.68.N6, M0
100 _aLivingstone I
_9123565
245 0 _aEconomcis for Eastern Africa
260 _aNairobi
_bHeinemann
_c1980
300 _axx, 572p. illus
_ccm.
490 _aStudies in the economics of Africa
650 _aECONOMICS
700 _a Ord H W
_9123566
942 _hX.68.N6, M0
_cTEXL
_2CC
999 _c252381
_d252381